LEADER 01004nam 2200361 450 001 990000928770203316 010 $a88-18-12067-0 035 $a0092877 035 $aUSA010092877 035 $a(ALEPH)000092877USA01 035 $a0092877 100 $a20020130d1988----km-y0itay0103----ba 101 $aita 102 $aIT 105 $a||||||||001yy 200 1 $aLinea poetica dei canti leopardiani$fLeone Piccioni 210 $aMilano$cRusconi$d1988 215 $a187 p.$d21 cm 410 $12001 606 $aLeopardi, Giacomo$xCanti$xStudi 676 $a851.7 700 1$aPICCIONI,$bLeone$0320613 801 0$aIT$bsalbc$gISBD 912 $a990000928770203316 951 $aV A 928$b96341 LM$cV A 959 $aBK 969 $aUMA 979 $aPATTY$b90$c20020130$lUSA01$h1644 979 $aPATTY$b90$c20020130$lUSA01$h1645 979 $c20020403$lUSA01$h1736 979 $aPATRY$b90$c20040406$lUSA01$h1704 996 $aLinea poetica dei canti leopardiani$9138151 997 $aUNISA LEADER 01403nam--2200397---450- 001 990003122130203316 005 20100819104859.0 010 $a978-88-8422-7058 035 $a000312213 035 $aUSA01000312213 035 $a(ALEPH)000312213USA01 035 $a000312213 100 $a20080626d2008----km-y0itay50------ba 101 $aita 102 $aIT 105 $a||||||||001yy 200 1 $a<> tempo nel contratto di lavoro subordinato$ecritica sulla de-oggettivazione del tempo lavoro$fVincenzo Bavaro 210 $aBari$cCacucci$d2008 225 2 $aRicerche di diritto del lavoro e di relazioni industriali$fUniversità degli studi di Bari, Dipartimento sui rapporti e sulle relazioni industriali 606 0 $aOrario di lavoro$xStudi$2BNCF 676 $a331.257 700 1$aBAVARO,$bVincenzo$0148435 801 0$aIT$bsalbc$gISBD 912 $a990003122130203316 951 $aXXV.2. Coll. 17/ 20 (X 1 XVII 24)$b60124 G.$cXXV.2. Coll. 17/ 20 (X 1)$d00166376 951 $aVI 123$b6766 DIRCE 959 $aBK 969 $aGIU 969 $aDIRCE 979 $aCHIARA$b90$c20080626$lUSA01$h1150 979 $aCHIARA$b90$c20080626$lUSA01$h1158 979 $aCHIARA$b90$c20080626$lUSA01$h1158 979 $aDIRCE$b90$c20091202$lUSA01$h1019 979 $aRSIAV2$b90$c20100819$lUSA01$h1048 996 $aTempo nel contratto di lavoro subordinato$9719585 997 $aUNISA